000 01109nam0a2200313 i 4500
001 RU\NLR\BIBL_A\011220256
005 20241102173311.0
010 _a978599085002
_950
021 _aRU
_b2016-70243
_94525
035 _a(NILC)RuMoRGB-008617268
035 _a(NLR Aleph) 011220256
090 _a12020724
_c12020724
100 _a20160928d2016 u y0rusy50 ca
101 0 _arus
102 _aRU
105 _ay|||j|||000yy
200 1 _aТерритория в международном праве
_e(учебное пособие)
_fА. Е. Арсиенков
210 _aСанкт-Петербург
_cСкифия-принт
_d2016
215 _a58 с.
_d20
320 _aБиблиогр.: с. 55-58 (28 назв.)
606 _aТерритория в международном праве
_jУчебные издания
_91534632
_3RU\NLR\AUTH\66668654
675 _a341
686 1 _aХ912я7
700 1 _aАрсиенков
_bА. Е.
_gАндрей Евгеньевич
801 0 _aRU
_bРГБ
_c20160913
_gRCR
942 _cBOOK
980 _aNBR